| 000 | 00901nmm a2200301 a 4500 | ||
|---|---|---|---|
| 003 | AR-BaBNM | ||
| 005 | 20251128211737.0 | ||
| 008 | 086020s2006 ||||||||||||||000 | spa|| | ||
| 020 | _a978-96571-12-9 | ||
| 040 | _cAR-BaBNM | ||
| 100 | 1 | _aPanaia, Marta | |
| 245 | 1 | 0 |
_aTrayectorias de ingenieros tecnológicos _bgraduados y alumnos en el mercado de trabajo |
| 250 | _a1ª ed. | ||
| 260 |
_aBuenos Aires _bUniversidad Tecnológica Nacional _c2006 _bMiño y Dávila Editores |
||
| 300 | 0 | _a712 p. | |
| 610 | 2 | 4 | _aUniversidad Tecnológica Nacional [Argentina] |
| 650 | 4 | _aINGENIEROS | |
| 650 | 4 | _aMERCADO DE TRABAJO | |
| 650 | 4 | _aESTUDIANTES UNIVERSITARIOS | |
| 650 | 4 | _aGRADUADOS | |
| 650 | 4 | _aFORMACION PROFESIONAL | |
| 650 | 4 | _aINSERCION PROFESIONAL | |
| 650 | 4 | _aUNIVERSIDADES | |
| 650 | 4 | _aSOCIOLOGIA OCUPACIONAL | |
| 651 | 4 | _aArgentina | |
| 942 | _cBK | ||
| 998 | _cme-solo cat | ||
| 999 |
_c20924 _d20924 |
||